| Tag |
First Indicator |
Second Indicator |
Subfields |
| LEADER |
00000cam a2200000 a 4500 |
| 001 |
in00002355621 |
| 005 |
20151108054007.0 |
| 008 |
050406r20041991enk b 001 0 eng |
| 010 |
|
|
|a 2005272746
|
| 020 |
|
|
|a 0567083284
|
| 020 |
|
|
|a 9780567083289
|
| 035 |
|
|
|a (OCoLC)ocn164567765
|
| 035 |
|
|
|a (OCoLC)164567765
|
| 040 |
|
|
|a DLC
|c DLC
|d BAKER
|d YDXCP
|d UtOrBLW
|
| 049 |
|
|
|a TXAM
|
| 050 |
0 |
0 |
|a BS1615.53
|b .M37 1991
|
| 100 |
1 |
|
|a Mason, Rex,
|d 1926-
|
| 245 |
1 |
0 |
|a Micah, Nahum, Obadiah /
|c R. Mason.
|
| 264 |
|
1 |
|a London, ;
|a New York :
|b T & T Clark International,
|c 1991
|
| 264 |
|
3 |
|c 2004 printing
|
| 300 |
|
|
|a 116 pages ;
|c 18 cm.
|
| 336 |
|
|
|a text
|b txt
|2 rdacontent
|
| 337 |
|
|
|a unmediated
|b n
|2 rdamedia
|
| 338 |
|
|
|a volume
|b nc
|2 rdacarrier
|
| 490 |
1 |
|
|a T & T Clark study guides
|
| 504 |
|
|
|a Includes bibliographical references and indexes.
|
| 630 |
0 |
0 |
|a Bible.
|p Micah
|x Criticism, interpretation, etc.
|
| 630 |
0 |
0 |
|a Bible.
|p Nahum
|x Criticism, interpretation, etc.
|
| 630 |
0 |
0 |
|a Bible.
|p Obadiah
|x Criticism, interpretation, etc.
|
| 830 |
|
0 |
|a T & T Clark study guides.
|
| 938 |
|
|
|a Baker & Taylor
|b BKTY
|c 21.95
|d 21.95
|i 0567083284
|n 0006189968
|s active
|
| 938 |
|
|
|a YBP Library Services
|b YANK
|n 2159187
|
| 945 |
|
|
|a PromptCat
|b 275084
|
| 946 |
|
|
|a stk
|
| 947 |
|
|
|a A14836507540
|
| 948 |
|
|
|a cataloged
|b h
|c 2007/12/1
|d c
|e dmartine
|f 1:26:55 pm
|
| 994 |
|
|
|a 92
|b TXA
|
| 999 |
|
|
|a MARS
|
| 999 |
f |
f |
|s e5f3fe35-e936-33b4-8ea9-9e7249bcddfc
|i f36a6848-514b-3008-b03d-240a162200f2
|t 0
|
| 952 |
f |
f |
|p normal
|a Texas A&M University
|b College Station
|c Sterling C. Evans Library
|d Evans: Library Stacks
|t 0
|e BS1615.53 .M37 1991
|h Library of Congress classification
|i unmediated -- volume
|m A14836507540
|
| 998 |
f |
f |
|a BS1615.53 .M37 1991
|t 0
|l Evans: Library Stacks
|